[Event "SVK-chT2C 1718"]
[Site "Slovakia"]
[Date "2018.02.24"]
[Round "8.5"]
[White "Hlavac, Pavol"]
[Black "Uhrincat, Ivan"]
[Result "1/2-1/2"]
[WhiteElo "1704"]
[BlackElo "1978"]
[PlyCount "69"]
[EventDate "2017.10.28"]
[EventType "team-tourn"]
[EventRounds "11"]
[EventCountry "SVK"]
[SourceTitle "EXT 2019"]
[Source "ChessBase"]
[SourceDate "2018.10.10"]
[SourceVersion "1"]
[SourceVersionDate "2018.10.10"]
[SourceQuality "1"]
[WhiteTeam "Liptovska Stiavnica"]
[BlackTeam "Banska Bystrica Kurta"]
[WhiteTeamCountry "SVK"]
[BlackTeamCountry "SVK"]

1. e4 c5 2. d4 cxd4 3. c3 d3 4. c4 Nc6 5. Bxd3 g6 6. Nf3 Bg7 7. 0-0 Nf6 8. Nc3 0-0 9. Rb1 d6 10. a3 Bg4 11. Be2 Rc8 12. b3 Nd7 13. Bb2 Nc5 14. Nd2 Bxe2 15. Nxe2 Bxb2 16. Rxb2 Nd3 17. Rb1 Nce5 18. Nc1 Nf4 19. Nf3 Nxf3+ 20. Qxf3 Ne6 21. Ne2 Rc5 22. Rfd1 Qc8 23. Rd5 a6 24. a4 Qc6 25. h4 Rc8 26. Qe3 Qd7 27. Nd4 Nxd4 28. Rxd4 Qe6 29. Qd3 Qf6 30. g3 b5 31. axb5 axb5 32. Rc1 Ra8 33. b4 Ra2 34. Rf1 bxc4 35. Rxc4 1/2-1/2

[Event "SVK-chT2C 1718"]
[Site "Slovakia"]
[Date "2018.02.04"]
[Round "7.7"]
[White "Holly, Andrej"]
[Black "Hlavac, Pavol"]
[Result "1/2-1/2"]
[WhiteElo "1848"]
[BlackElo "1704"]
[PlyCount "133"]
[EventDate "2017.10.28"]
[EventType "team-tourn"]
[EventRounds "11"]
[EventCountry "SVK"]
[SourceTitle "EXT 2019"]
[Source "ChessBase"]
[SourceDate "2018.10.10"]
[SourceVersion "1"]
[SourceVersionDate "2018.10.10"]
[SourceQuality "1"]
[WhiteTeam "Ondrasova Krivan"]
[BlackTeam "Liptovska Stiavnica"]
[WhiteTeamCountry "SVK"]
[BlackTeamCountry "SVK"]

1. e4 d5 2. exd5 Nf6 3. Bb5+ Bd7 4. Be2 Bf5 5. Nf3 Nxd5 6. d4 e6 7. 0-0 Be7 8. a3 a5 9. c4 Nf6 10. Nc3 c6 11. Bf4 Nbd7 12. h3 Nb6 13. Qd2 Ne4 14. Nxe4 Bxe4 15. Rac1 0-0 16. Rfd1 Bf6 17. Qe3 Bxf3 18. Bxf3 Re8 19. Rd2 Nd7 20. Rcd1 Qb6 21. c5 Qd8 22. b4 axb4 23. axb4 h6 24. b5 Rc8 25. bxc6 bxc6 26. Be4 Bg5 27. Bxg5 hxg5 28. Qf3 Qc7 29. Qh5 Nf6 30. Qf3 Nxe4 31. Qxe4 Rb8 32. Rd3 Rb4 33. Rg3 f6 34. Qe1 Rb5 35. Re3 Qd7 36. Qe2 g6 37. Re1 Kf7 38. Qc4 Rbb8 39. Ra3 Ra8 40. Rb3 Reb8 41. Reb1 Rxb3 42. Qxb3 Rd8 43. Qb6 Rc8 44. Ra1 Rc7 45. Ra8 Rb7 46. Qa5 Qxd4 47. Ra7 Qd7 48. Rxb7 Qxb7 49. Qd8 Qe7 50. Qh8 Qf8 51. Qh7+ Qg7 52. Qxg7+ Kxg7 53. Kf1 e5 54. Ke2 Kf7 55. Kd3 Ke6 56. Kc4 f5 57. g4 Kf6 58. Kd3 Ke6 59. Kc4 f4 60. f3 e4 61. fxe4 f3 62. Kd3 Ke5 63. Ke3 f2 64. Kxf2 Kxe4 65. Kg3 Kd5 66. h4 gxh4+ 67. Kxh4 1/2-1/2

[Event "SVK-chT1E 1617"]
[Site "Slovakia"]
[Date "2017.01.22"]
[Round "7.7"]
[White "Pacholsky, Martin"]
[Black "Hlavac, Pavol"]
[Result "1-0"]
[WhiteElo "1996"]
[BlackElo "1718"]
[PlyCount "73"]
[EventDate "2016.10.15"]
[EventType "team-tourn"]
[EventRounds "11"]
[EventCountry "SVK"]
[SourceTitle "EXT 2018"]
[Source "ChessBase"]
[SourceDate "2017.10.13"]
[SourceVersion "1"]
[SourceVersionDate "2017.10.13"]
[SourceQuality "1"]
[WhiteTeam "Margecany Eltra"]
[BlackTeam "Liptovska Stiavnica"]
[WhiteTeamCountry "SVK"]
[BlackTeamCountry "SVK"]

1. e4 d5 2. exd5 Nf6 3. d4 Nxd5 4. Nf3 g6 5. c4 Nb6 6. Nc3 Bg7 7. Be3 0-0 8. Be2 Nc6 9. Qd2 e5 10. d5 Ne7 11. Bh6 f6 12. Bxg7 Kxg7 13. Rd1 Bg4 14. b4 a6 15. a4 Nf5 16. a5 Bxf3 17. gxf3 Nc8 18. Ne4 Nd4 19. Kf1 Nd6 20. Nc5 Qc8 21. h4 b6 22. Ne4 Qf5 23. Nxd6 cxd6 24. axb6 Rfc8 25. b7 Nxf3 26. Qa2 Nd4 27. bxa8Q Rxa8 28. c5 Qe4 29. Rg1 Qxh4 30. c6 Qh3+ 31. Ke1 Qh2 32. Rf1 Qf4 33. Rh1 Qe4 34. Rh3 Nc2+ 35. Kf1 Nxb4 36. Qa5 Qf5 37. Qc7+ 1-0

[Event "SVK-chT2C 1516"]
[Site "Slovakia"]
[Date "2016.01.24"]
[Round "7.7"]
[White "Hlavac, Pavol"]
[Black "Muntag, Marian"]
[Result "0-1"]
[WhiteElo "1724"]
[BlackElo "1808"]
[PlyCount "71"]
[EventDate "2015.10.17"]
[EventType "team-tourn"]
[EventRounds "11"]
[EventCountry "SVK"]
[SourceTitle "CBM 170 Extra"]
[Source "ChessBase"]
[SourceDate "2016.02.25"]
[SourceVersion "1"]
[SourceVersionDate "2016.02.25"]
[SourceQuality "1"]
[WhiteTeam "Liptovska Stiavnica"]
[BlackTeam "Zilina"]
[WhiteTeamCountry "SVK"]
[BlackTeamCountry "SVK"]

1. e4 e5 2. Nf3 d6 3. d4 exd4 4. Nxd4 Nf6 5. Nc3 g6 6. h3 Bg7 7. Be3 0-0 8. Qd2 Re8 9. f3 a6 10. 0-0-0 Nc6 11. g4 Nxd4 12. Bxd4 Be6 13. h4 b5 14. h5 c5 15. Bf2 Qa5 16. Kb1 Rad8 17. Nd5 Qxd2 18. Rxd2 Bxd5 19. exd5 Re5 20. hxg6 fxg6 21. c4 b4 22. Bg2 Rde8 23. Bg3 Re2 24. Kc2 Nd7 25. b3 Bc3 26. Rxe2 Rxe2+ 27. Kd3 Rxg2 28. Bxd6 Rxa2 29. Rb1 Rb2 30. Rxb2 Bxb2 31. Bc7 Kf7 32. g5 Bd4 33. Ke4 Ke7 34. f4 Nf8 35. Be5 Bxe5 36. fxe5 0-1

[Event "SVK-chT2C 1415"]
[Site "Slovakia"]
[Date "2015.03.07"]
[Round "10.7"]
[White "Geffert, Anton"]
[Black "Hlavac, Pavol"]
[Result "1-0"]
[WhiteElo "1930"]
[BlackElo "1728"]
[PlyCount "95"]
[EventDate "2014.10.11"]
[EventType "team-tourn"]
[EventRounds "11"]
[EventCountry "SVK"]
[SourceTitle "EXT 2016"]
[Source "ChessBase"]
[SourceDate "2015.10.08"]
[SourceVersion "1"]
[SourceVersionDate "2015.10.08"]
[SourceQuality "1"]
[WhiteTeam "Banska Bystrica Veza"]
[BlackTeam "Liptovska Stiavnica"]
[WhiteTeamCountry "SVK"]
[BlackTeamCountry "SVK"]

1. d4 Nf6 2. c4 g6 3. Nc3 Bg7 4. e4 d6 5. Nf3 0-0 6. h3 e5 7. d5 a5 8. Be3 Na6 9. a3 Bd7 10. Qc2 Nh5 11. Bd3 f5 12. Bg5 Qe8 13. Bd2 f4 14. Nb5 Bxb5 15. cxb5 Nc5 16. Ke2 Qe7 17. a4 Nf6 18. b4 Nxd3 19. Kxd3 Nxd5 20. Qc4 Qf7 21. bxa5 Nf6 22. Qxf7+ Rxf7 23. Rac1 h6 24. Rc4 d5 25. exd5 e4+ 26. Rxe4 Nxe4 27. Kxe4 Re8+ 28. Kd3 Rf5 29. Re1 Rxe1 30. Bxe1 Rxd5+ 31. Kc4 Rd1 32. a6 bxa6 33. bxa6 Rd6 34. Kb5 c6+ 35. Kb6 Bf8 36. Ne5 Rd5 37. Nxc6 Bc5+ 38. Kc7 Rd1 39. Bc3 Bd6+ 40. Kc8 Bc5 41. a7 Bxa7 42. Nxa7 Rd3 43. Nb5 g5 44. Kc7 Kf7 45. a5 Ke7 46. Bd4 Rb3 47. Bc5+ Ke6 48. Nd4+ 1-0

[Event "SVK-chT2C 1415"]
[Site "Slovakia"]
[Date "2014.12.06"]
[Round "5.8"]
[White "Hlavac, Pavol"]
[Black "Kralik, Matej"]
[Result "1/2-1/2"]
[WhiteElo "1728"]
[BlackElo "1749"]
[PlyCount "51"]
[EventDate "2014.10.11"]
[EventType "team-tourn"]
[EventRounds "11"]
[EventCountry "SVK"]
[SourceTitle "EXT 2016"]
[Source "ChessBase"]
[SourceDate "2015.10.08"]
[SourceVersion "1"]
[SourceVersionDate "2015.10.08"]
[SourceQuality "1"]
[WhiteTeam "Liptovska Stiavnica"]
[BlackTeam "Kysucke Nove Mesto"]
[WhiteTeamCountry "SVK"]
[BlackTeamCountry "SVK"]

1. e4 c5 2. d4 cxd4 3. c3 d3 4. Bxd3 d6 5. c4 Nc6 6. Nc3 Nf6 7. h3 a6 8. Nf3 g6 9. Be3 Bg7 10. 0-0 0-0 11. a3 Nd7 12. Qd2 Nde5 13. Be2 Be6 14. Nxe5 Nxe5 15. Nd5 Bxd5 16. cxd5 Rc8 17. Rac1 Nd7 18. b4 Nf6 19. Bd3 Qd7 20. Rxc8 Rxc8 21. Rc1 b5 22. Rxc8+ Qxc8 23. Qc2 Qxc2 24. Bxc2 Nd7 25. Bg5 Bf6 26. Bd2 1/2-1/2